Notes Hispanic. (Record no. 6152)

MARC details
000 -CABECERA
campo de control de longitud fija 00955nam a2200265 a 4500
001 - NÚMERO DE CONTROL
campo de control BRCA_6468
005 - FECHA Y HORA DE LA ÚLTIMA TRANSACCIÓN
campo de control 20190320205451.0
008 - DATOS DE LONGITUD FIJA--INFORMACIÓN GENERAL
campo de control de longitud fija 240911m19411945nyu#######---#000-0#eng-#
041 ## - CÓDIGO DE LENGUA
Código de lengua del texto/banda sonora o título independiente eng
044 ## - CÓDIGO DEL PAÍS DE LA ENTIDAD EDITORA/PRODUCTORA
Código MARC del país nyu
050 #4 - SIGNATURA TOPOGRÁFICA DE LA BIBLIOTECA DEL CONGRESO
Número de clasificación N620.H5
Número de documento/Ítem .N68 2 1941
245 10 - MENCIÓN DE TÍTULO
Título Notes Hispanic.
260 ## - PUBLICACIÓN, DISTRIBUCIÓN, ETC.
Lugar de publicación, distribución, etc. Nueva York
Nombre del editor, distribuidor, etc. Order of the Trustees
Fecha de publicación, distribución, etc. 1941-1945
300 ## - DESCRIPCIÓN FÍSICA
Extensión 5 v.
Otras características físicas il.
Dimensiones 23 cm.
440 #0 - MENCIÓN DE SERIE/PUNTO DE ACCESO ADICIONAL--TÍTULO
Título Notes Hispanic
Designación de volumen o secuencia 1-5
9 (RLIN) 16148
500 ## - NOTA GENERAL
Nota general Notes Hispanic es una publicación anual dedicada al arte y la artesanía de España y Portugal, que es preparado por el personal y los miembros de la Hispanic Society of America
500 ## - NOTA GENERAL
Nota general Ver también M69
500 ## - NOTA GENERAL
Nota general M78
504 ## - NOTA DE BIBLIOGRAFÍA, ETC.
Nota de bibliografía, etc. Incluye referencias bibliográficas
505 0# - NOTA DE CONTENIDO CON FORMATO
Nota de contenido con formato Contenido: v.1. 1941. -- v.2. 1942. -- v.3. 1943. -- v.4. 1944. -- v.5. 1945
610 24 - PUNTO DE ACCESO ADICIONAL DE MATERIA--NOMBRE DE ENTIDAD CORPORATIVA
Nombre de entidad corporativa o nombre de jurisdicción como elemento de entrada Hispanic Society of America
9 (RLIN) 16149
650 14 - PUNTO DE ACCESO ADICIONAL DE MATERIA--TÉRMINO DE MATERIA
Término de materia o nombre geográfico como elemento de entrada Arte español
Subdivisión de forma Publicaciones periódicas
9 (RLIN) 16150
902 ## - CATALOGADOR
Iniciales GFM
942 ## - ELEMENTOS DE PUNTO DE ACCESO ADICIONAL (KOHA)
Fuente del sistema de clasificación o colocación Library of Congress Classification
Tipo de ítem Koha Libros
Holdings
Estado de retiro Estado de pérdida Estado dañado No para préstamo Localización permanente Ubicación/localización actual Fecha de adquisición Número de inventario Total de préstamos Signatura topográfica completa Código de barras Fecha visto por última vez Precio válido a partir de Tipo de ítem Koha
El ejemplar forma parte de la colección y puede ser consultado según las políticas vigentes.       Biblioteca del Museo Franz Mayer (Rogerio Casas-Alatriste) Biblioteca del Museo Franz Mayer (Rogerio Casas-Alatriste) 24/09/2011 M78   N620.H5 .N68 2 1941 (M78) 6915 22/03/2019 22/03/2019 Libros